000 00292nam a22001337a 4500
003 OSt
005 20220216135205.0
008 220216b |||||||| |||| 00| 0 eng d
040 _cHU
082 _a629.40973
100 _aDille
_930684
245 _aAmericans In Space
942 _2ddc
_cBOOKS
_n0
999 _c30588
_d30588